Haltestellen des Reblaus-Express - Statistiken

Allgemein
  • Dieses Quiz wurde 6 mal gespielt
  • Das Durchschnittsergebnis liegt bei 5 aus 10
Antwortstatistiken
Fahrzeit Haltestelle % Korrekt
1:30 Drosendorf
100%
0:00 Retz
100%
1:06 Langau
50%
0:32 Weitersfeld
50%
1:20 Zissersdorf
50%
1:15 Geras-Kottaun
25%
1:01 Hessendorf Anglerparadies
25%
0:14 Hofern
25%
0:17 Niederfladnitz
25%
0:27 Pleißing-Waschbach
25%
Keine übereinstimmenden Quizze gefunden
Verteilung der Resultate
Anzahl Personen mit jedem Resultat
Perzentil nach korrekt beantworteten Fragen
Ihre Resultats-Entwicklung
Sie haben dieses Quiz noch nicht gespielt